|
|
|
|
| LEADER |
00000cam a2200000 a 4500 |
| 001 |
vtls001480300 |
| 003 |
SK-MaSNL |
| 005 |
20260301163821.0 |
| 008 |
240226s2004 xo a gr 000 j slo |
| 015 |
|
|
|a SNBA2004/10-06160
|
| 020 |
|
|
|a 8088986311
|
| 035 |
|
|
|a SNK000435598
|
| 035 |
|
|
|a urn:nbn:sk:snk-am3iy0q
|
| 035 |
|
|
|a 2A108624-BC47-4047-AC73-99BBDC19AC09
|
| 035 |
|
|
|a urn:nbn:sk:snk-am00g4j8
|
| 040 |
|
|
|a SNK
|b slo
|c SNK
|e AACR2
|
| 041 |
0 |
|
|a slo
|
| 044 |
|
|
|a xo
|c SK
|
| 072 |
|
7 |
|a 821.162.4-3
|x Slovenská próza
|2 konspekt
|
| 080 |
|
|
|a 821.162.4-3
|2 1997
|
| 080 |
|
|
|a 821.162.4-32
|2 2011
|
| 080 |
|
|
|a (0:82-321.5)
|2 2011
|
| 100 |
1 |
|
|a Gallo, Igor,
|d 1936-2019
|4 aut
|9 85732
|
| 245 |
1 |
0 |
|a Dolu z piedestálu!
|b (odtajnená bohéma)
|c Igor Gallo ; [ilustrácie, portréty básnikov: Tomáš Krčméry]
|
| 250 |
|
|
|a [1. vyd.]
|
| 260 |
|
|
|a Bratislava
|b Spoločnosť autorov umeleckej literatúry
|c [2004]
|
| 300 |
|
|
|a 83 strán
|b ilustrácie
|c 21 cm
|
| 655 |
|
7 |
|a slovenské príbehy
|2 SNKPH
|9 70494
|
| 655 |
|
7 |
|a humoristické príbehy
|2 SNKPH
|9 73041
|
| 700 |
1 |
|
|a Krčméry, Tomáš,
|d 1950-
|4 ill
|9 37045
|
| 919 |
|
|
|a 80-88986-31-1
|
| 958 |
|
|
|a LX
|
| 958 |
|
|
|a OND
|
| 999 |
|
|
|c 818370
|d 820300
|
| 952 |
|
|
|t P60, <03>, [BOOK], {603}
|a SNK
|b SNK
|y PREZ
|7 0
|p 17A0439820
|o snkSC 117036
|i snkKSP 11041/2004
|g 13.28
|0 0
|1 0
|4 0
|d 2004-08-19
|f 1
|l 0
|r 2025-10-16 00:00:00
|w 2026-02-24
|
| 952 |
|
|
|t P60, <04>, [BOOK], {604}
|a SNK
|b SNK
|y VYP
|7 0
|p 17A0443637
|o snkSC 117036 D1
|i snkKSP 13297/2004
|g 13.28
|0 0
|1 0
|4 0
|d 2004-10-13
|l 0
|r 2005-01-02 00:00:00
|w 2026-02-24
|